| 000 | 01174nam a22003257a 4500 | ||
|---|---|---|---|
| 003 | CHAP | ||
| 005 | 20220329143437.0 | ||
| 008 | 090907s2007 mx r 00010 spa d | ||
| 010 | _a96703 | ||
| 011 | _a97675 | ||
| 020 | _a9789708260190 | ||
| 035 | _a108345 | ||
| 040 | _cCHAP | ||
| 082 | 0 | 4 |
_a364.1532 _bAc72 |
| 100 | 1 |
_aAcosta Mendoza, Ma. Lucila _9671 |
|
| 245 | 1 | 0 |
_aPrevención de la violencia sexual _c/por Ma. Lucila Acosta Mendoza ...[et al.] |
| 260 |
_aToluca, Méx. _bGobierno del Estado de México _c2007 |
||
| 300 |
_a95 p. : _bcuadros |
||
| 490 | 0 |
_aBiblioteca Mexiquense del Bicentenario. _pColección mayor : Administración pública _v; 1 |
|
| 590 |
_aBATCH-UPD _b10 _c20130110 _lUCH01 _h1755 |
||
| 590 |
_aBATCH-UPD _b10 _c20130410 _lUCH01 _h1132 |
||
| 590 |
_aBATCH-UPD _b10 _c20130914 _lUCH01 _h2105 |
||
| 590 |
_aCONVERSION _b10 _c20130109 _lUCH01 _h1353 |
||
| 650 | 1 | 4 |
_aViolación. _9119888 |
| 650 | 1 | 4 |
_aViolencia. _9119891 |
| 830 | 0 |
_aBiblioteca Mexiquense del Bicentenario. _pColección mayor : Administración pública _v; 1 _912421 |
|
| 901 | _aBK | ||
| 942 | _cLIBRO | ||
| 949 |
_a364.1532 Ac72 _bBC _cLIBRO _d33724002104587 _eLIBRO _h111119 _i108345 _sb |
||
| 999 |
_c96703 _d96703 |
||